Adler Alfréd.

Elmentve itt :
Bibliográfiai részletek
Szerző: Erényi Gusztáv
Adatforrás:Philobibl
Forrásdokumentuma:Nyugat
1937., 65-67.p. p.
Dokumentumtípus: Cikk
Nyelv:magyar
LEADER 00260nab a2200097 c 4500
001 bibDOK00022367
005 20200924121637.5
008 060518s1937 xx hun
100 1 |a Erényi Gusztáv 
245 1 0 |a Adler Alfréd.  |c Erényi Gusztáv 
773 0 |t Nyugat  |g 1937., 65-67.p. p.